000 00542nam a2200217 a 4500
999 _c4835
_d4835
001 4835
003 BD-JhCC
005 20180925115221.0
008 171204b19641965enka|||| ||a| 001 0 eng d
035 _a(BD-JhCC)4835
040 _aBD-JhCC
_dBD-JhCC
041 _aeng
082 _a919
_bBAI 1964
100 _aBaird, Patrick D.
245 _aThe Polar World /
_cPatrick D. Baird
260 _aLongmans :
_bGreen and Co Ltd,
_c1964.
300 _a328 p. :
_c22 cm.
_billu;
650 _aPolar Regiosn
942 _2ddc
_cBK